000 00452nam a2200181Ia 4500
001 17614
005 20260306171530.0
008 260306s9999||||xx |||||||||||||| ||und||
041 _aESP
082 _a658.1
_bG14
100 _aGalindo Ruíz, Carlos Julio
_eAUT
245 0 _aFormulación y evaluación de planes de negocio
260 _c2011
300 _a304 páginas :
_c24 cm.
650 _aGEN
654 _aCAN
942 _cLIB
_dJUS
_fJUS
_2ddc
_n
999 _c17614
_d17614